000 00574nam a2200229Ia 4500
003 OSt
005 20220924144443.0
006 a|||||r|||| 00| 0
007 ta
008 220923b |||||||| |||| 00| 0 urd d
024 _a314589
037 _cTextual
040 _aARTS
_cARTS
_burd
041 _2urd
_aurd
082 _aO168,1N22,3, L0
100 _aSahir Hoshiarpuri
_9217654
245 0 _aSehr-e-Naghma
260 _c1970
650 _aURDU POETRY
942 _hO168,1N22,3, L0
_cTEXL
_2CC
999 _c457115
_d457115